[Event "Larsens Nordjyske Mindeturnering2018"]
[Site "KATEDRALSKOLEN AALBORG"]
[Date "2018.10.18"]
[Round "6.3"]
[White "Hess, Christian"]
[Black "Wahlborn, Magnus"]
[Result "1/2-1/2"]
[BlackElo "2159"]
[WhiteElo "2225"]
[LiveChessVersion "1.4.8"]

1. Nf3 {[%clk 1:30:55]} Nf6 {[%clk 1:30:32]} 2. c4 {[%clk 1:31:05]} g6
{[%clk 1:27:17]} 3. Nc3 {[%clk 1:30:40]} Bg7 {[%clk 1:26:37]} 4. e4
{[%clk 1:28:27]} d6 {[%clk 1:26:02]} 5. d4 {[%clk 1:28:40]} O-O {[%clk 1:25:44]}
6. Be2 {[%clk 1:28:51]} e5 {[%clk 1:24:35]} 7. Be3 {[%clk 1:27:52]} Ng4
{[%clk 1:20:22]} 8. Bg5 {[%clk 1:27:16]} f6 {[%clk 1:20:44]} 9. Bh4
{[%clk 1:27:05]} Nh6 {[%clk 1:15:35]} 10. Qd2 {[%clk 1:05:45]} Nd7
{[%clk 1:05:30]} 11. Rd1 {[%clk 1:04:14]} Nf7 {[%clk 1:00:17]} 12. dxe5
{[%clk 0:51:51]} dxe5 {[%clk 0:53:34]} 13. O-O {[%clk 0:48:30]} c6
{[%clk 0:48:57]} 14. Qc2 {[%clk 0:43:02]} Qe7 {[%clk 0:45:51]} 15. Nd2
{[%clk 0:39:28]} Nc5 {[%clk 0:44:00]} 16. b4 {[%clk 0:29:55]} Ne6
{[%clk 0:42:28]} 17. Qb1 {[%clk 0:30:05]} Nd4 {[%clk 0:41:32]} 18. Bd3
{[%clk 0:28:28]} Be6 {[%clk 0:37:43]} 19. f3 {[%clk 0:23:13]} Rfd8
{[%clk 0:26:25]} 1/2-1/2

[Event "Larsens Nordjyske Mindeturnering2018"]
[Site "KATEDRALSKOLEN AALBORG"]
[Date "2018.10.18"]
[Round "6.4"]
[White "Renman, Nils-Gustaf"]
[Black "Sloth, Jørn"]
[Result "1/2-1/2"]
[BlackElo "2306"]
[WhiteElo "2349"]
[LiveChessVersion "1.4.8"]

1. d4 {[%clk 1:30:57]} Nf6 {[%clk 1:30:32]} 2. Nf3 {[%clk 1:31:16]} c6
{[%clk 1:30:44]} 3. c4 {[%clk 1:31:39]} d6 {[%clk 1:31:03]} 4. Nc3
{[%clk 1:32:00]} Bf5 {[%clk 1:30:14]} 5. Nh4 {[%clk 1:31:01]} Bd7
{[%clk 1:28:50]} 6. e4 {[%clk 1:30:18]} e5 {[%clk 1:28:20]} 7. Nf3
{[%clk 1:30:41]} Bg4 {[%clk 1:28:01]} 8. Be2 {[%clk 1:30:58]} Nbd7
{[%clk 1:27:05]} 9. O-O {[%clk 1:31:01]} Be7 {[%clk 1:27:16]} 10. Be3
{[%clk 1:30:26]} O-O {[%clk 1:26:59]} 11. h3 {[%clk 1:29:16]} Bh5
{[%clk 1:21:24]} 12. Nd2 {[%clk 1:23:06]} Bxe2 {[%clk 1:17:00]} 13. Qxe2
{[%clk 1:23:33]} exd4 {[%clk 1:11:42]} 14. Bxd4 {[%clk 1:23:54]} a6
{[%clk 1:11:18]} 15. f4 {[%clk 1:14:27]} Re8 {[%clk 0:54:03]} 16. Qf3
{[%clk 1:14:16]} Nf8 {[%clk 0:48:57]} 17. Rad1 {[%clk 1:10:58]} Ne6
{[%clk 0:42:44]} 18. Bf2 {[%clk 1:00:43]} Qa5 {[%clk 0:41:08]} 19. a3
{[%clk 0:59:47]} Rad8 {[%clk 0:39:07]} 20. b4 {[%clk 0:55:39]} Qc7
{[%clk 0:38:17]} 21. Nb3 {[%clk 0:55:50]} Nd7 {[%clk 0:27:13]} 22. Rc1
{[%clk 0:44:11]} Qb8 {[%clk 0:25:59]} 23. Rc2 {[%clk 0:31:29]} Rc8
{[%clk 0:25:13]} 24. Rd1 {[%clk 0:30:56]} Red8 {[%clk 0:22:38]} 25. Rcd2
{[%clk 0:31:15]} Qc7 {[%clk 0:20:24]} 26. Bg3 {[%clk 0:26:51]} Nef8
{[%clk 0:16:20]} 27. Kh1 {[%clk 0:21:46]} b5 {[%clk 0:13:16]} 28. Na5
{[%clk 0:18:57]} Nb6 {[%clk 0:12:32]} 29. c5 {[%clk 0:12:24]} dxc5
{[%clk 0:10:49]} 30. f5 {[%clk 0:12:52]} Rxd2 {[%clk 0:09:07]} 31. Bxc7
{[%clk 0:13:00]} Rxd1+ {[%clk 0:09:34]} 32. Qxd1 {[%clk 0:11:42]} Rxc7
{[%clk 0:10:00]} 33. bxc5 {[%clk 0:10:57]} Nbd7 {[%clk 0:06:37]} 34. Nb3
{[%clk 0:07:42]} Nxc5 {[%clk 0:06:38]} 35. e5 {[%clk 0:04:48]} Rd7
{[%clk 0:06:44]} 36. Qc2 {[%clk 0:05:03]} Nd3 {[%clk 0:06:39]} 37. Qe2
{[%clk 0:04:49]} c5 {[%clk 0:04:27]} 38. a4 {[%clk 0:01:11]} c4 {[%clk 0:02:47]}
39. Nd2 {[%clk 0:01:40]} b4 {[%clk 0:02:32]} 40. Nce4 {[%clk 0:02:07]} c3
{[%clk 0:01:21]} 41. Nb3 {[%clk 0:00:41]} Nxe5 {[%clk 0:23:48]} 42. Qxa6
{[%clk 0:27:04]} Rd1+ {[%clk 0:04:01]} 43. Kh2 {[%clk 0:27:00]} Re1
{[%clk 0:02:49]} 44. Qb7 {[%clk 0:23:51]} c2 {[%clk 0:02:49]} 45. Qxe7
{[%clk 0:16:15]} Rxe4 {[%clk 0:02:51]} 46. Qc7 {[%clk 0:16:29]} Re2
{[%clk 0:01:17]} 47. Nd4 {[%clk 0:12:08]} Re4 {[%clk 0:01:08]} 48. Nxc2
{[%clk 0:11:33]} b3 {[%clk 0:01:16]} 49. Na3 {[%clk 0:10:45]} Rxa4
{[%clk 0:01:27]} 50. Qxe5 {[%clk 0:10:59]} Rxa3 {[%clk 0:01:51]} 51. Qb5
{[%clk 0:09:22]} g6 {[%clk 0:00:59]} 52. Qb4 {[%clk 0:06:26]} Ra6
{[%clk 0:00:54]} 53. Qxb3 {[%clk 0:06:04]} gxf5 {[%clk 0:00:48]} 54. Qd5
{[%clk 0:05:42]} Rf6 {[%clk 0:00:54]} 55. h4 {[%clk 0:05:38]} Kg7
{[%clk 0:00:45]} 56. h5 {[%clk 0:04:51]} h6 {[%clk 0:00:53]} 57. Kg3
{[%clk 0:02:20]} f4+ {[%clk 0:00:51]} 58. Kg4 {[%clk 0:02:35]} Nh7
{[%clk 0:01:04]} 59. Qe5 {[%clk 0:02:55]} Ng5 {[%clk 0:01:10]} 60. Qc3
{[%clk 0:02:42]} Nh7 {[%clk 0:01:13]} 1/2-1/2

[Event "Larsens Nordjyske Mindeturnering2018"]
[Site "KATEDRALSKOLEN AALBORG"]
[Date "2018.10.18"]
[Round "6.5"]
[White "Jørgensen, Jørgen"]
[Black "Stausholm Jepsen, Thomas"]
[Result "1/2-1/2"]
[BlackElo "2180"]
[WhiteElo "2211"]
[LiveChessVersion "1.4.8"]

1. Nf3 d6 2. c4 {[%clk 1:30:25]} f5 {[%clk 1:30:28]} 3. d4 {[%clk 1:30:19]} Nf6
{[%clk 1:30:48]} 4. Nc3 {[%clk 1:30:38]} g6 {[%clk 1:30:51]} 5. g3
{[%clk 1:30:19]} Bg7 {[%clk 1:31:16]} 6. Bg2 {[%clk 1:30:41]} O-O
{[%clk 1:31:39]} 7. O-O {[%clk 1:30:10]} e6 {[%clk 1:29:20]} 8. b3
{[%clk 1:27:29]} Qe7 {[%clk 1:28:31]} 9. Bb2 {[%clk 1:25:17]} Nc6
{[%clk 1:27:24]} 10. d5 {[%clk 1:18:41]} Nd8 {[%clk 1:23:13]} 11. dxe6
{[%clk 1:15:18]} Nxe6 {[%clk 1:20:46]} 12. e3 {[%clk 1:14:14]} c6
{[%clk 1:19:35]} 13. Qc2 {[%clk 1:13:52]} Nc5 {[%clk 1:18:06]} 1/2-1/2

[Event "Larsens Nordjyske Mindeturnering2018"]
[Site "KATEDRALSKOLEN AALBORG"]
[Date "2018.10.18"]
[Round "6.6"]
[White "Øgaard, Leif"]
[Black "Jørgen Christiansen, Jens"]
[Result "1-0"]
[BlackElo "2063"]
[WhiteElo "2386"]
[LiveChessVersion "1.4.8"]

1. c4 {[%clk 1:30:52]} e5 {[%clk 1:30:54]} 2. Nc3 {[%clk 1:31:05]} d6
{[%clk 1:31:13]} 3. Nf3 {[%clk 1:30:59]} f5 {[%clk 1:29:25]} 4. d4
{[%clk 1:30:33]} e4 {[%clk 1:29:04]} 5. Ng5 {[%clk 1:28:23]} Be7 {[%clk 1:27:31]}
6. Nh3 {[%clk 1:28:28]} Nf6 {[%clk 1:19:50]} 7. g3 {[%clk 1:27:51]} O-O
{[%clk 1:19:00]} 8. Bg2 {[%clk 1:27:54]} c6 {[%clk 1:13:56]} 9. O-O
{[%clk 1:24:39]} Na6 {[%clk 1:07:40]} 10. f3 {[%clk 1:21:59]} exf3
{[%clk 1:02:55]} 11. exf3 {[%clk 1:20:49]} d5 {[%clk 0:54:26]} 12. cxd5
{[%clk 0:54:45]} Nxd5 {[%clk 0:54:46]} 13. Nxd5 {[%clk 0:54:24]} Qxd5
{[%clk 0:47:11]} 14. Nf4 {[%clk 0:51:04]} Qd6 {[%clk 0:47:16]} 15. Be3
{[%clk 0:50:13]} Nb4 {[%clk 0:46:34]} 16. Re1 {[%clk 0:42:48]} Bf6
{[%clk 0:41:53]} 17. Nh5 {[%clk 0:40:29]} Nd5 {[%clk 0:41:42]} 18. Nxf6+
{[%clk 0:40:47]} Qxf6 {[%clk 0:41:49]} 19. Bf2 {[%clk 0:41:07]} f4
{[%clk 0:37:53]} 20. Re5 {[%clk 0:40:32]} fxg3 {[%clk 0:34:41]} 21. Bxg3
{[%clk 0:32:48]} Be6 {[%clk 0:27:44]} 22. Qd2 {[%clk 0:32:07]} Rad8
{[%clk 0:16:24]} 23. Rae1 {[%clk 0:30:21]} Bf7 {[%clk 0:16:38]} 24. R1e4
{[%clk 0:25:13]} Rde8 {[%clk 0:14:56]} 25. Qe1 {[%clk 0:23:51]} Qg6
{[%clk 0:12:17]} 26. Bh3 {[%clk 0:10:50]} Nf6 {[%clk 0:09:04]} 27. Bf5
{[%clk 0:10:24]} Qh6 {[%clk 0:06:32]} 28. Rh4 {[%clk 0:08:48]} Nh5
{[%clk 0:05:49]} 29. Bd7 {[%clk 0:06:52]} Rd8 {[%clk 0:05:37]} 30. Re7
{[%clk 0:04:20]} Qf6 {[%clk 0:05:04]} 31. Bc7 {[%clk 0:04:18]} Nf4
{[%clk 0:02:45]} 32. Rxf4 1-0

[Event "Larsens Nordjyske Mindeturnering2018"]
[Site "KATEDRALSKOLEN AALBORG"]
[Date "2018.10.18"]
[Round "6.7"]
[White "Taksrud, Vidar"]
[Black "Rooze, Jan"]
[Result "0-1"]
[BlackElo "2313"]
[WhiteElo "2040"]
[LiveChessVersion "1.4.8"]

1. d4 {[%clk 1:30:44]} Nf6 {[%clk 1:30:55]} 2. Nf3 {[%clk 1:31:07]} c5
{[%clk 1:31:16]} 3. g3 {[%clk 1:31:13]} cxd4 {[%clk 1:31:15]} 4. Nxd4
{[%clk 1:30:39]} e5 {[%clk 1:29:25]} 5. Nb3 {[%clk 1:29:49]} Nc6 {[%clk 1:25:18]}
6. Bg2 {[%clk 1:29:30]} a5 {[%clk 1:21:32]} 7. a4 {[%clk 1:26:41]} d5
{[%clk 1:21:07]} 8. O-O {[%clk 1:26:11]} Be7 {[%clk 1:13:49]} 9. Nc3
{[%clk 1:21:25]} Be6 {[%clk 1:13:29]} 10. Bg5 {[%clk 1:16:13]} d4
{[%clk 1:03:11]} 11. Bxf6 {[%clk 1:08:14]} gxf6 {[%clk 1:01:53]} 12. Ne4
{[%clk 1:05:32]} Qb6 {[%clk 0:57:29]} 13. Ned2 {[%clk 1:01:24]} h5
{[%clk 0:50:36]} 14. c4 {[%clk 0:56:41]} h4 {[%clk 0:46:20]} 15. Nc1
{[%clk 0:50:27]} hxg3 {[%clk 0:45:53]} 16. hxg3 {[%clk 0:50:49]} f5
{[%clk 0:40:32]} 17. Nd3 {[%clk 0:48:32]} e4 {[%clk 0:35:19]} 18. Nf4
{[%clk 0:47:13]} Bd6 {[%clk 0:31:21]} 19. Nd5 {[%clk 0:45:47]} Qd8
{[%clk 0:24:10]} 20. Nb3 {[%clk 0:44:04]} f4 {[%clk 0:19:36]} 21. Nxd4
{[%clk 0:33:18]} fxg3 {[%clk 0:18:31]} 22. Nxc6 {[%clk 0:31:31]} bxc6
{[%clk 0:09:24]} 23. Qd4 {[%clk 0:28:21]} Qh4 {[%clk 0:08:06]} 24. Nf6+
{[%clk 0:28:35]} Ke7 {[%clk 0:08:12]} 25. Rfd1 {[%clk 0:27:54]} Rad8
{[%clk 0:06:24]} 26. Nxe4 {[%clk 0:24:54]} gxf2+ {[%clk 0:03:48]} 27. Kf1
{[%clk 0:25:11]} Bh3 {[%clk 0:03:26]} 28. Nxf2 {[%clk 0:20:31]} Bxg2+
{[%clk 0:03:52]} 29. Kxg2 {[%clk 0:20:49]} Qg3+ {[%clk 0:02:36]} 30. Kf1
{[%clk 0:21:10]} Rdg8 {[%clk 0:02:25]} 31. Qe4+ {[%clk 0:15:37]} Kf8
{[%clk 0:02:34]} 32. e3 {[%clk 0:14:06]} Rh2 {[%clk 0:02:52]} 33. Qf5
{[%clk 0:13:45]} Rg5 {[%clk 0:02:00]} 34. Qf6 {[%clk 0:11:27]} Be7
{[%clk 0:02:21]} 35. Qf4 {[%clk 0:07:59]} Rxf2+ {[%clk 0:01:21]} 36. Qxf2
{[%clk 0:08:00]} Qh3+ {[%clk 0:01:44]} 37. Ke2 {[%clk 0:03:22]} Rg2
{[%clk 0:02:09]} 38. Rf1 {[%clk 0:02:28]} Bh4 {[%clk 0:02:32]} 39. Qxg2
{[%clk 0:02:11]} Qxg2+ {[%clk 0:02:51]} 40. Kd3 {[%clk 0:02:32]} Qxb2
{[%clk 0:03:12]} 41. Rab1 {[%clk 0:02:40]} Qa3+ {[%clk 0:03:32]} 42. Ke2
{[%clk 0:01:52]} Qxa4 {[%clk 0:02:08]} 43. Rb8+ {[%clk 0:01:47]} Kg7
{[%clk 0:02:22]} 44. Rg1+ {[%clk 0:01:08]} Kf6 {[%clk 0:02:44]} 45. Rg4
{[%clk 0:01:09]} Qc2+ {[%clk 0:02:42]} 46. Kf3 {[%clk 0:01:09]} Qf2+
{[%clk 0:03:05]} 47. Ke4 {[%clk 0:01:31]} Qf5+ {[%clk 0:03:32]} 0-1

[Event "Larsens Nordjyske Mindeturnering2018"]
[Site "KATEDRALSKOLEN AALBORG"]
[Date "2018.10.18"]
[Round "6.9"]
[White "Ekelund, Peter"]
[Black "Pedersen, Svend"]
[Result "1/2-1/2"]
[BlackElo "2194"]
[WhiteElo "1972"]
[LiveChessVersion "1.4.8"]

1. g3 {[%clk 1:30:56]} e5 {[%clk 1:30:37]} 2. Bg2 {[%clk 1:31:18]} d6
{[%clk 1:30:50]} 3. d3 {[%clk 1:31:37]} g6 {[%clk 1:31:00]} 4. Nd2
{[%clk 1:31:47]} Bg7 {[%clk 1:31:25]} 5. a3 {[%clk 1:31:58]} Nc6 {[%clk 1:29:42]}
6. Rb1 {[%clk 1:32:06]} Be6 {[%clk 1:28:54]} 7. c4 {[%clk 1:32:10]} Qd7
{[%clk 1:28:37]} 8. h4 {[%clk 1:32:10]} h6 {[%clk 1:26:48]} 9. b4
{[%clk 1:32:12]} a6 {[%clk 1:25:47]} 10. Ngf3 {[%clk 1:31:39]} f5
{[%clk 1:21:16]} 11. b5 {[%clk 1:28:38]} axb5 {[%clk 1:17:55]} 12. cxb5
{[%clk 1:28:34]} Nd8 {[%clk 1:14:10]} 13. Nc4 {[%clk 1:27:03]} e4
{[%clk 1:10:06]} 14. Nh2 {[%clk 1:24:49]} d5 {[%clk 1:08:46]} 15. Nd2
{[%clk 1:24:55]} Nf6 {[%clk 1:08:12]} 16. dxe4 {[%clk 1:22:33]} fxe4
{[%clk 1:05:22]} 17. O-O {[%clk 1:22:17]} O-O {[%clk 1:03:26]} 18. e3
{[%clk 1:19:58]} Nf7 {[%clk 1:03:02]} 19. Bb2 {[%clk 1:16:51]} Nd6
{[%clk 1:00:36]} 20. a4 {[%clk 1:16:22]} c5 {[%clk 0:45:52]} 21. Qc2
{[%clk 1:13:37]} b6 {[%clk 0:44:20]} 22. Rfd1 {[%clk 1:13:50]} Ng4
{[%clk 0:38:28]} 23. Bxg7 {[%clk 1:10:56]} Qxg7 {[%clk 0:37:59]} 24. Nxg4
{[%clk 1:10:15]} Bxg4 {[%clk 0:38:23]} 25. Re1 {[%clk 1:05:44]} Qf7
{[%clk 0:36:27]} 26. Nf1 {[%clk 1:05:38]} Nc4 {[%clk 0:35:00]} 27. Nh2
{[%clk 1:03:55]} Be6 {[%clk 0:34:08]} 28. Ra1 {[%clk 1:03:48]} Ne5
{[%clk 0:33:31]} 29. Rf1 {[%clk 1:02:42]} Nf3+ {[%clk 0:31:06]} 30. Kh1
{[%clk 1:00:19]} g5 {[%clk 0:28:40]} 31. Bxf3 {[%clk 0:59:30]} exf3
{[%clk 0:29:00]} 32. a5 {[%clk 0:56:02]} Bf5 {[%clk 0:23:41]} 33. Qc3
{[%clk 0:55:55]} Bh3 {[%clk 0:23:28]} 34. axb6 {[%clk 0:53:23]} gxh4
{[%clk 0:20:46]} 35. Rxa8 {[%clk 0:50:55]} Rxa8 {[%clk 0:18:20]} 36. Qe5
{[%clk 0:48:47]} Re8 {[%clk 0:13:05]} 37. Qc7 {[%clk 0:46:03]} Bxf1
{[%clk 0:05:59]} 38. Nxf1 {[%clk 0:46:09]} hxg3 {[%clk 0:04:27]} 39. Qxg3+
{[%clk 0:46:21]} Kh7 {[%clk 0:04:27]} 40. b7 {[%clk 0:44:58]} Qxb7
{[%clk 0:03:43]} 41. Qxf3 {[%clk 0:45:16]} Qd7 {[%clk 0:02:50]} 42. Kh2
{[%clk 0:43:09]} c4 {[%clk 0:29:49]} 43. Ng3 {[%clk 1:11:58]} Re5
{[%clk 0:15:09]} 44. b6 {[%clk 1:10:19]} c3 {[%clk 0:13:24]} 45. Qe2
{[%clk 1:10:27]} Qc6 {[%clk 0:12:48]} 46. Qc2+ {[%clk 1:10:35]} Kg8
{[%clk 0:12:54]} 47. b7 {[%clk 1:10:32]} Re8 {[%clk 0:12:21]} 48. Nf5
{[%clk 1:10:10]} Kf8 {[%clk 0:12:13]} 49. Nd4 {[%clk 1:10:20]} Qc7+
{[%clk 0:11:22]} 50. f4 {[%clk 1:08:58]} Qxb7 {[%clk 0:07:28]} 51. Qxc3
{[%clk 1:09:12]} Qc8 {[%clk 0:07:04]} 52. Nc6 {[%clk 1:05:38]} Kf7
{[%clk 0:05:35]} 53. Ne5+ {[%clk 1:05:09]} Ke6 {[%clk 0:05:23]} 54. Qd3
{[%clk 1:02:05]} Rg8 {[%clk 0:05:12]} 55. Qh7 {[%clk 1:02:16]} Qe8
{[%clk 0:01:36]} 56. Qxh6+ {[%clk 1:01:46]} Kf5 {[%clk 0:01:09]} 57. Qh3+
{[%clk 1:00:29]} Kf6 {[%clk 0:01:16]} 58. Qh6+ {[%clk 1:00:35]} Kf5
{[%clk 0:01:44]} 1/2-1/2

[Event "Larsens Nordjyske Mindeturnering2018"]
[Site "KATEDRALSKOLEN AALBORG"]
[Date "2018.10.18"]
[Round "6.10"]
[White "Lennart Vang, Frank"]
[Black "Hammar, Bengt"]
[Result "0-1"]
[BlackElo "2178"]
[WhiteElo "1969"]
[LiveChessVersion "1.4.8"]

1. e4 {[%clk 1:30:54]} c5 {[%clk 1:30:21]} 2. Nf3 {[%clk 1:31:07]} d6
{[%clk 1:30:11]} 3. d4 {[%clk 1:31:30]} cxd4 {[%clk 1:30:24]} 4. Nxd4
{[%clk 1:31:48]} Nf6 {[%clk 1:30:33]} 5. Nc3 {[%clk 1:31:52]} a6 {[%clk 1:29:48]}
6. h3 {[%clk 1:30:43]} e6 {[%clk 1:25:36]} 7. g4 {[%clk 1:30:32]} b5
{[%clk 1:24:47]} 8. Bg2 {[%clk 1:29:55]} Bb7 {[%clk 1:25:02]} 9. O-O
{[%clk 1:29:55]} b4 {[%clk 1:19:50]} 10. Nd5 {[%clk 1:28:35]} exd5
{[%clk 1:19:13]} 11. exd5 {[%clk 1:28:49]} Be7 {[%clk 1:19:14]} 12. Nc6
{[%clk 1:26:51]} Bxc6 {[%clk 1:19:01]} 13. dxc6 {[%clk 1:26:39]} d5
{[%clk 1:15:19]} 14. g5 {[%clk 1:26:08]} Ne4 {[%clk 1:14:59]} 15. c7
{[%clk 1:25:30]} Qxc7 {[%clk 1:14:53]} 16. Qxd5 {[%clk 1:25:33]} Ra7
{[%clk 1:13:49]} 17. Qxe4 {[%clk 1:20:00]} O-O {[%clk 1:13:50]} 18. Bf4
{[%clk 1:13:19]} Bd6 {[%clk 1:13:05]} 19. Bxd6 {[%clk 1:13:13]} Qxd6
{[%clk 1:13:23]} 20. Rad1 {[%clk 1:13:38]} Qc5 {[%clk 1:12:06]} 21. Rd5
{[%clk 1:12:46]} Qc7 {[%clk 1:08:18]} 22. Qxb4 {[%clk 1:07:19]} Qxc2
{[%clk 1:07:30]} 23. Qxf8+ {[%clk 1:07:13]} 0-1

[Event "Larsens Nordjyske Mindeturnering2018"]
[Site "KATEDRALSKOLEN AALBORG"]
[Date "2018.10.18"]
[Round "6.11"]
[White "Nørgaard Olesen, Poul Erik"]
[Black "Holst, Per"]
[Result "0-1"]
[BlackElo "2132"]
[WhiteElo "2004"]
[LiveChessVersion "1.4.8"]

1. e4 {[%clk 1:30:55]} e6 {[%clk 1:30:53]} 2. d4 {[%clk 1:31:21]} d5
{[%clk 1:31:15]} 3. Nc3 {[%clk 1:31:43]} Bb4 {[%clk 1:31:36]} 4. Bd2
{[%clk 1:32:07]} dxe4 {[%clk 1:32:00]} 5. Qg4 {[%clk 1:32:27]} Nf6
{[%clk 1:32:21]} 6. Qxg7 {[%clk 1:32:49]} Rg8 {[%clk 1:32:42]} 7. Qh6
{[%clk 1:33:15]} Qxd4 {[%clk 1:33:07]} 8. O-O-O {[%clk 1:29:24]} Bf8
{[%clk 1:26:50]} 9. Qh4 {[%clk 1:17:10]} Rg4 {[%clk 1:25:01]} 10. Qh3
{[%clk 1:13:50]} Qxf2 {[%clk 1:22:15]} 11. Be2 {[%clk 1:11:31]} Rh4
{[%clk 1:20:21]} 12. Qxh4 {[%clk 1:11:00]} Qxh4 {[%clk 1:20:37]} 13. g3
{[%clk 1:11:24]} Qh6 {[%clk 1:20:54]} 14. Bxh6 {[%clk 1:11:32]} Bxh6+
{[%clk 1:21:15]} 15. Kb1 {[%clk 1:11:45]} Nc6 {[%clk 1:21:31]} 16. Nb5
{[%clk 1:09:41]} Ke7 {[%clk 1:21:41]} 17. Nxc7 {[%clk 1:08:24]} Rb8
{[%clk 1:22:02]} 18. Nb5 {[%clk 1:07:54]} e5 {[%clk 1:10:48]} 19. h4
{[%clk 0:57:48]} a6 {[%clk 0:58:23]} 20. Nc3 {[%clk 0:52:01]} Nd4
{[%clk 0:57:56]} 21. Nh3 {[%clk 0:51:26]} b5 {[%clk 0:55:32]} 22. a3
{[%clk 0:47:58]} a5 {[%clk 0:52:06]} 23. b4 {[%clk 0:37:41]} axb4
{[%clk 0:51:42]} 24. axb4 {[%clk 0:37:42]} Ng4 {[%clk 0:45:37]} 25. Rxd4
{[%clk 0:30:23]} exd4 {[%clk 0:45:39]} 26. Nxe4 {[%clk 0:30:44]} Be3
{[%clk 0:42:56]} 27. Nc5 {[%clk 0:27:11]} Bd2 {[%clk 0:30:53]} 28. Nd3
{[%clk 0:24:37]} Ne3 {[%clk 0:26:54]} 29. Ng5 {[%clk 0:22:29]} Bb7
{[%clk 0:22:46]} 30. Bf3 {[%clk 0:15:24]} Bxf3 {[%clk 0:11:47]} 31. Nxf3
{[%clk 0:15:52]} Bc3 {[%clk 0:12:03]} 32. Rg1 {[%clk 0:06:37]} Ra8
{[%clk 0:11:24]} 33. Nb2 {[%clk 0:06:42]} Nc4 {[%clk 0:11:15]} 34. Re1+
{[%clk 0:06:30]} Kf8 {[%clk 0:41:14]} 0-1

[Event "Larsens Nordjyske Mindeturnering2018"]
[Site "KATEDRALSKOLEN AALBORG"]
[Date "2018.10.18"]
[Round "6.12"]
[White "Lilja, Richard"]
[Black "Aubert, Carsten"]
[Result "1-0"]
[BlackElo "1997"]
[WhiteElo "2102"]
[LiveChessVersion "1.4.8"]

1. e4 {[%clk 1:30:57]} e5 {[%clk 1:30:42]} 2. Nf3 {[%clk 1:31:20]} Nc6
{[%clk 1:31:06]} 3. Bc4 {[%clk 1:31:45]} Bc5 {[%clk 1:31:08]} 4. c3
{[%clk 1:31:46]} Nf6 {[%clk 1:31:21]} 5. d3 {[%clk 1:30:02]} d6 {[%clk 1:31:03]}
6. O-O {[%clk 1:30:19]} a6 {[%clk 1:30:33]} 7. Bb3 {[%clk 1:30:34]} O-O
{[%clk 1:30:27]} 8. h3 {[%clk 1:30:14]} Ne7 {[%clk 1:29:05]} 9. d4
{[%clk 1:29:09]} Ba7 {[%clk 1:27:49]} 10. Re1 {[%clk 1:22:29]} Ng6
{[%clk 1:27:49]} 11. Nbd2 {[%clk 1:16:24]} Re8 {[%clk 1:27:18]} 12. Nf1
{[%clk 1:06:59]} Be6 {[%clk 1:12:56]} 13. Bxe6 {[%clk 0:53:04]} Rxe6
{[%clk 1:10:19]} 14. d5 {[%clk 0:48:06]} Re8 {[%clk 1:10:27]} 15. Ng3
{[%clk 0:41:28]} Nf4 {[%clk 1:01:27]} 16. b3 {[%clk 0:41:36]} Qd7
{[%clk 0:59:43]} 17. Nh2 {[%clk 0:38:46]} c6 {[%clk 0:54:31]} 18. dxc6
{[%clk 0:37:02]} bxc6 {[%clk 0:54:36]} 19. Qf3 {[%clk 0:35:28]} Re6
{[%clk 0:44:17]} 20. Bxf4 {[%clk 0:33:27]} exf4 {[%clk 0:43:14]} 21. Qxf4
{[%clk 0:33:54]} Rae8 {[%clk 0:42:16]} 22. Nf3 {[%clk 0:32:28]} Bb8
{[%clk 0:39:27]} 23. Rad1 {[%clk 0:26:45]} d5 {[%clk 0:36:11]} 24. e5
{[%clk 0:26:44]} Qc7 {[%clk 0:34:32]} 25. Qa4 {[%clk 0:17:08]} Nd7
{[%clk 0:25:21]} 26. Qxa6 {[%clk 0:17:30]} c5 {[%clk 0:24:53]} 27. Qd3
{[%clk 0:15:07]} Nxe5 {[%clk 0:23:51]} 28. Nxe5 {[%clk 0:15:27]} Rxe5
{[%clk 0:24:15]} 29. Rxe5 {[%clk 0:14:22]} Rxe5 {[%clk 0:24:13]} 30. f4
{[%clk 0:09:17]} Re8 {[%clk 0:24:01]} 31. Qxd5 {[%clk 0:09:06]} Qxf4
{[%clk 0:24:11]} 32. Nf1 {[%clk 0:09:31]} c4 {[%clk 0:22:43]} 33. Qd4
{[%clk 0:05:56]} Qxd4+ {[%clk 0:22:19]} 34. cxd4 {[%clk 0:06:17]} c3
{[%clk 0:17:16]} 35. Rc1 {[%clk 0:06:39]} Ba7 {[%clk 0:17:28]} 36. Ng3
{[%clk 0:06:11]} Re3 {[%clk 0:10:47]} 37. Nf5 {[%clk 0:06:25]} Rd3
{[%clk 0:10:52]} 38. Kf1 {[%clk 0:05:23]} g6 {[%clk 0:06:45]} 39. Ne7+
{[%clk 0:05:48]} Kf8 {[%clk 0:07:11]} 40. Nc6 {[%clk 0:06:12]} Bb6
{[%clk 0:07:20]} 41. Rc2 {[%clk 0:25:57]} f6 {[%clk 0:35:41]} 42. a4
{[%clk 0:25:19]} Ke8 {[%clk 0:31:15]} 43. a5 {[%clk 0:24:54]} Kd7
{[%clk 0:30:55]} 44. Nb8+ {[%clk 0:16:03]} Kc8 {[%clk 0:30:31]} 45. axb6
{[%clk 0:16:01]} Kxb8 {[%clk 0:30:54]} 46. Ke2 {[%clk 0:16:17]} Rg3
{[%clk 0:31:04]} 47. Kd1 {[%clk 0:16:35]} Re3 {[%clk 0:28:29]} 48. Re2
{[%clk 0:14:23]} Rd3+ {[%clk 0:27:23]} 49. Kc2 {[%clk 0:14:44]} Rxd4
{[%clk 0:27:43]} 50. Kxc3 {[%clk 0:14:38]} Rd6 {[%clk 0:24:09]} 51. Re7
{[%clk 0:14:00]} Rxb6 {[%clk 0:21:26]} 52. Rxh7 {[%clk 0:14:15]} f5
{[%clk 0:17:13]} 53. Rh6 {[%clk 0:09:40]} Rf6 {[%clk 0:16:07]} 54. h4
{[%clk 0:09:10]} f4 {[%clk 0:15:55]} 55. Kb2 {[%clk 0:07:57]} Re6
{[%clk 0:13:41]} 56. Ka3 {[%clk 0:08:07]} Ra6+ {[%clk 0:12:04]} 57. Kb4
{[%clk 0:08:31]} Rb6+ {[%clk 0:12:23]} 58. Ka4 {[%clk 0:07:29]} Ra6+
{[%clk 0:12:34]} 59. Kb5 {[%clk 0:07:51]} Rf6 {[%clk 0:12:55]} 60. b4
{[%clk 0:07:50]} Kc7 {[%clk 0:10:40]} 61. Ka5 {[%clk 0:06:51]} Kb8
{[%clk 0:05:09]} 62. b5 {[%clk 0:07:09]} Kb7 {[%clk 0:01:19]} 63. h5
{[%clk 0:06:43]} f3 {[%clk 0:01:31]} 64. gxf3 {[%clk 0:06:40]} Rf5 65. f4 Rxf4
{[%clk 0:01:47]} 66. Rh7+ {[%clk 0:07:03]} Rf3 {[%clk 0:00:00]} 1-0